[Event "RSA-chT U16"]
[Site "Cape Town"]
[Date "2016.01.04"]
[Round "1.2"]
[White "Reddy, Ananta"]
[Black "Mashala, Thabo"]
[Result "1-0"]
[WhiteElo "1634"]
[BlackElo "1233"]
[PlyCount "40"]
[EventDate "2016.01.04"]
[EventType "team-tourn"]
[EventRounds "7"]
[EventCountry "RSA"]
[SourceTitle "CBM 170 Extra"]
[Source "ChessBase"]
[SourceDate "2016.02.25"]
[SourceVersion "1"]
[SourceVersionDate "2016.02.25"]
[SourceQuality "1"]
[WhiteTeam "Ethekwini"]
[BlackTeam "Sedibeng"]
[WhiteTeamCountry "RSA"]
[BlackTeamCountry "RSA"]

1. c4 e6 2. g3 Nf6 3. Bg2 Bc5 4. Nc3 Nc6 5. e3 0-0 6. a3 h6 7. d4 Be7 8. e4 d6 9. Nge2 e5 10. 0-0 exd4 11. Nxd4 Nxd4 12. Qxd4 c5 13. Qd3 Nd7 14. f4 Bf6 15. Be3 Nb6 16. Rad1 Be6 17. b3 a5 18. a4 Bg4 19. Rd2 Re8 20. Nb5 Be7 1-0